000 00662nam a22002057a 4500
003 0
005 20250107151717.0
008 250107b xxu||||| |||| 00| 0 eng d
020 _a9781641730280
050 _aG 155
_b.Sa28 2024
100 _aSaunders, Dale
_eauthor.
245 _aAn integrated approach to tourism, hotel management and hospitality /
_cDale Saunders.
260 _aNew York, NY :
_bLarsen & Keller,
_c2024.
300 _avii, 277 p. :
_bcol. ill. ;
_c27 cm.
504 _aIncludes bibliographical references and index.
650 _aTourism.
650 _aHotel management.
650 _aHospitality industry
_vManagement.
942 _2lcc
_cBK
999 _c366919
_d366919